[Event "Mechanics' Spring TNM:1600-1999"]
[Site "San Francisco"]
[Date "2019.05.07"]
[Round "8.15"]
[White "Babb, Kevin"]
[Black "Gray, William"]
[Result "1/2-1/2"]
[WhiteElo "1641"]
[BlackElo "1962"]
[PlyCount "46"]
[EventDate "2019.03.19"]
[EventType "swiss"]
[EventRounds "8"]
[EventCountry "USA"]

1. d4 d6 2. c4 e5 3. d5 Nf6 4. Nc3 Nbd7 5. e4 Nc5 6. Qc2 a5 7. Nf3 Be7 8. Be2
O-O 9. h3 Nfd7 10. Be3 a4 11. O-O g6 12. b4 axb3 13. axb3 Rxa1 14. Rxa1 f5 15.
exf5 gxf5 16. Nb5 f4 17. Bd2 Nb6 18. b4 Bf5 19. Qd1 Ne4 20. Ra7 Qb8 21. Be1 Bd7
22. Ra3 Nf6 23. Nc3 Qd8 1/2-1/2

[Event "Mechanics' Spring TNM:1600-1999"]
[Site "San Francisco"]
[Date "2019.05.07"]
[Round "8.16"]
[White "Clemens, Kristian"]
[Black "Busch, Jonah M"]
[Result "0-1"]
[WhiteElo "1946"]
[BlackElo "1826"]
[PlyCount "108"]
[EventDate "2019.03.19"]
[EventType "swiss"]
[EventRounds "8"]
[EventCountry "USA"]

1. Nf3 Nf6 2. c4 g6 3. Nc3 Bg7 4. d4 d5 5. e3 O-O 6. Be2 b6 7. O-O Bb7 8. Qb3
dxc4 9. Bxc4 e6 10. Rd1 Nbd7 11. Qa3 Re8 12. Bd2 Bf8 13. Qb3 Qe7 14. Be1 c5 15.
d5 exd5 16. Nxd5 Nxd5 17. Bxd5 Bxd5 18. Qxd5 Nf6 19. Qb3 Red8 20. Bc3 Bg7 21.
Ne5 Qc7 22. f3 Re8 23. Nc4 Rad8 24. e4 Nh5 25. Bxg7 Nxg7 26. Ne3 Ne6 27. Nd5
Qe5 28. Qc2 Nf4 29. Nxf4 Qxf4 30. Qa4 Qc7 31. Rac1 Re6 32. Rxd8+ Qxd8 33. Rd1
Rd6 34. Rxd6 Qxd6 35. Qe8+ Kg7 36. e5 Qd4+ 37. Kf1 Qxb2 38. Qe7 Qb1+ 39. Ke2
Qxa2+ 40. Kd3 Qe6 41. Qxa7 Qd5+ 42. Kc2 Qxe5 43. Kd3 b5 44. g3 Qd4+ 45. Ke2 b4
46. Qb8 Qc3 47. h4 b3 48. h5 b2 49. h6+ Kxh6 50. Qf8+ Qg7 51. Qb8 c4 52. Qf4+
g5 53. Qf5 Qg6 54. Qc5 b1=Q 0-1

[Event "Mechanics' Spring TNM:1600-1999"]
[Site "San Francisco"]
[Date "2019.05.07"]
[Round "8.17"]
[White "Maser, Thomas"]
[Black "McKellar, Daniel"]
[Result "0-1"]
[WhiteElo "1901"]
[BlackElo "1872"]
[PlyCount "52"]
[EventDate "2019.03.19"]
[EventType "swiss"]
[EventRounds "8"]
[EventCountry "USA"]

1. e4 c5 2. Nf3 g6 3. d4 cxd4 4. Nxd4 Bg7 5. Nc3 Nc6 6. Be3 Nf6 7. Bc4 O-O 8.
Bb3 a6 9. O-O b5 10. Qe2 Nxe4 11. Nxc6 Nxc3 12. Nxe7+ Qxe7 13. bxc3 Bb7 14.
Rad1 Bxc3 15. Qd3 Qe4 16. Qxe4 Bxe4 17. Rxd7 Rac8 18. Rfd1 a5 19. a3 a4 20. Ba2
Bxc2 21. R1d5 Bf5 22. Rxf5 gxf5 23. g3 Bg7 24. Rd5 Rc3 25. Bc5 Rc8 26. Bb4 Rc2
0-1

[Event "Mechanics' Spring TNM:1600-1999"]
[Site "San Francisco"]
[Date "2019.05.07"]
[Round "8.18"]
[White "Ochoa, Jason B"]
[Black "Krasnov, Steven Le"]
[Result "1-0"]
[WhiteElo "1738"]
[BlackElo "1876"]
[Annotator "de Firmian/Winslow"]
[PlyCount "93"]
[EventDate "2019.03.19"]
[EventType "swiss"]
[EventRounds "8"]
[EventCountry "USA"]

1. c4 Nf6 2. Nf3 c5 3. g3 Nc6 4. Bg2 d6 5. O-O e5 6. Nc3 Be7 7. e3 O-O 8. d4 h6
9. d5 Nb8 10. e4 a6 11. h3 Nbd7 12. Qd3 Re8 13. Be3 Rb8 14. a4 b6 15. Rab1 Bf8
16. b4 Qc7 17. b5 a5 18. Nh4 g6 19. Rbe1 Bg7 20. Re2 Kh7 21. Kh2 Qd8 22. Rg1
Rb7 23. Bd2 Nf8 24. Bf3 Qd7 25. g4 Nh5 26. Bg2 Nf6 27. Qg3 Kh8 28. Bf3 N8h7 29.
Ng2 Rf8 30. h4 Nxg4+ 31. Kh1 h5 32. Ne1 Rg8 33. Bg2 Qe7 34. f3 Ngf6 35. Bf1 Re8
36. Reg2 Qf8 37. Nd1 Ng8 38. Nf2 Ne7 39. Nh3 f5 40. Bg5 Nxg5 41. Nxg5 Qf6 42.
Nd3 Bh6 43. Be2 Bxg5 44. hxg5 Qg7 45. Rh2 Rf8 46. Rh4 Kg8 47. Bf1 {(unreadable
scoresheet -- White won on move 62 or so)} 1-0

[Event "Mechanics' Spring TNM:1600-1999"]
[Site "San Francisco"]
[Date "2019.05.07"]
[Round "8.20"]
[White "Drury, Mark L"]
[Black "Porlares, Teodoro"]
[Result "1/2-1/2"]
[WhiteElo "1878"]
[BlackElo "1713"]
[PlyCount "92"]
[EventDate "2019.03.19"]
[EventType "swiss"]
[EventRounds "8"]
[EventCountry "USA"]

1. f4 d5 2. Nf3 Bg4 3. e3 e6 4. b3 Nf6 5. Bb2 g6 6. Be2 Bg7 7. O-O O-O 8. Ne5
Bxe2 9. Qxe2 Nfd7 10. d4 Nf6 11. Nd2 Nbd7 12. c4 c6 13. e4 dxe4 14. Nxe4 Nxe4
15. Qxe4 Nxe5 16. fxe5 Qa5 17. Bc1 Qc7 18. Bg5 c5 19. Bf6 Rfe8 20. Rad1 cxd4
21. Qxd4 Bf8 22. Qh4 Bg7 23. Rd3 Qc5+ 24. Kh1 Bxf6 25. Qxf6 Qe7 26. Qf3 Rad8
27. Rfd1 Rxd3 28. Qxd3 Qc7 29. Qd4 b6 30. Kg1 Rc8 31. Kf2 Kg7 32. Ke3 Qe7 33.
Qd7 Qg5+ 34. Kf2 Qf4+ 35. Kg1 Qe3+ 36. Kh1 Rc5 37. Rf1 Kh6 38. Qxf7 Rxe5 39. h3
Rf5 40. Rxf5 exf5 41. Qf8+ Kh5 42. Qg7 h6 43. Qxa7 f4 44. Qh7 Qe1+ 45. Kh2 Qg3+
46. Kg1 Qe1+ 1/2-1/2

[Event "Mechanics' Spring TNM:1600-1999"]
[Site "San Francisco"]
[Date "2019.05.07"]
[Round "8.22"]
[White "Bradley, Christopher"]
[Black "Cohee, James"]
[Result "1-0"]
[WhiteElo "1604"]
[BlackElo "1606"]
[Annotator "de Firmian/Winslow"]
[PlyCount "57"]
[EventDate "2019.03.19"]
[EventType "swiss"]
[EventRounds "8"]
[EventCountry "USA"]

1. Nf3 Nf6 2. c4 c5 3. d4 cxd4 4. Nxd4 Nc6 5. Nc3 g6 6. e4 Bg7 7. f3 $2 (7. Be3
) (7. Nc2) 7... O-O $2 (7... Nxe4 8. Nxc6 Nxc3 9. Nxd8 Nxd1 10. Nxf7 Kxf7 11.
Kxd1 d6 $17) 8. Be2 $2 a6 $2 9. Be3 d6 10. O-O Bd7 11. Qd2 Rc8 12. Rac1 Qa5 13.
b3 Ne8 14. Rfd1 Qd8 15. Nc2 Nc7 16. Bh6 Bxh6 17. Qxh6 Ne5 18. h4 (18. f4 $1)
18... f5 19. h5 Rf6 (19... Nf7) 20. exf5 Bxf5 21. Nd4 gxh5 22. Qxf6 exf6 23.
Nxf5 Qd7 24. Nxd6 Rb8 25. Nxb7 Qc6 26. Nd6 Qc5+ 27. Kf1 Rf8 28. Nde4 Ne6 $4 29.
Nxc5 1-0

[Event "Mechanics' Spring TNM:1600-1999"]
[Site "San Francisco"]
[Date "2019.05.07"]
[Round "8.23"]
[White "Robeal, Rafik"]
[Black "Casares Jr, Nick"]
[Result "1-0"]
[WhiteElo "1716"]
[BlackElo "1600"]
[PlyCount "67"]
[EventDate "2019.03.19"]
[EventType "swiss"]
[EventRounds "8"]
[EventCountry "USA"]

1. d4 d5 2. Nf3 Nf6 3. e3 a6 4. Bd3 Nbd7 5. b3 e6 6. O-O Be7 7. Bb2 b5 8. Nbd2
O-O 9. Ne5 Bb7 10. c4 dxc4 11. bxc4 bxc4 12. Ndxc4 c5 13. Rc1 Rc8 14. Qb3 Rb8
15. Qc3 Nd5 16. Qd2 f6 17. Nxd7 Qxd7 18. Na5 Ba8 19. dxc5 Rfd8 20. Qe2 Nb4 21.
Bb1 Nc6 22. Nb3 e5 23. Qc4+ Kh8 24. Qxa6 Rb4 25. Qe2 Rh4 26. Rcd1 Nd4 27. exd4
Bxg2 28. f3 Bh3 29. Rf2 e4 30. Bxe4 f5 31. Bc6 Qxc6 32. Qxe7 Qg6+ 33. Kh1 Re8
34. Qxh4 1-0

[Event "Mechanics' Spring TNM:1600-1999"]
[Site "San Francisco"]
[Date "2019.05.07"]
[Round "8.24"]
[White "Kim, Andy"]
[Black "Perlov, Alexander"]
[Result "1/2-1/2"]
[WhiteElo "1619"]
[BlackElo "1720"]
[PlyCount "73"]
[EventDate "2019.03.19"]
[EventType "swiss"]
[EventRounds "8"]
[EventCountry "USA"]

1. d4 Nf6 2. c4 e6 3. Nf3 d5 4. g3 Be7 5. Bg2 c6 6. O-O O-O 7. Bf4 Nbd7 8. b3
Ne4 9. Qc2 f5 10. Nbd2 b6 11. cxd5 cxd5 12. Qc6 Ba6 13. Qxe6+ Kh8 14. Rac1 Rc8
15. Rxc8 Bxc8 16. Rc1 Ndc5 17. Qc6 Bb7 18. Qc7 Qxc7 19. Bxc7 Ne6 20. Be5 Bb4
21. Nxe4 fxe4 22. Ne1 Bd2 23. Rd1 e3 24. Nf3 exf2+ 25. Kxf2 Bh6 26. h4 Kg8 27.
Ke1 Rc8 28. Bh3 Kf7 29. Ng5+ Bxg5 30. Bxe6+ Kxe6 31. hxg5 Rc2 32. Rd2 Rxd2 33.
Kxd2 g6 34. g4 Kd7 35. Ke3 Ke6 36. a4 a6 37. Bc7 1/2-1/2

[Event "Mechanics' Spring TNM:1600-1999"]
[Site "San Francisco"]
[Date "2019.05.07"]
[Round "8.25"]
[White "Mays, Jerry L"]
[Black "Lamstein, Joshua D"]
[Result "1/2-1/2"]
[WhiteElo "1700"]
[BlackElo "1655"]
[PlyCount "52"]
[EventDate "2019.03.19"]
[EventType "swiss"]
[EventRounds "8"]
[EventCountry "USA"]

1. e4 e5 2. Nf3 Nc6 3. Bb5 a6 4. Ba4 Bc5 5. O-O d6 6. c3 b5 7. Bb3 Nf6 8. d4
exd4 9. cxd4 Bb6 10. Bg5 O-O 11. Bd5 Qd7 12. Bxf6 gxf6 13. Qc1 Bb7 14. Qh6 Qg4
15. Qxf6 Qg7 16. e5 Nd8 17. Nc3 dxe5 18. dxe5 c6 19. Be4 Ne6 20. Rad1 Rad8 21.
h4 Qxf6 22. exf6 Rxd1 23. Rxd1 Bd8 24. Ng5 h6 25. Nxe6 fxe6 26. Rd7 Bc8 1/2-1/2

[Event "Mechanics' Spring TNM:1600-1999"]
[Site "San Francisco"]
[Date "2019.05.07"]
[Round "8.26"]
[White "Babayan, Gagik"]
[Black "Malykin, Erika"]
[Result "0-1"]
[WhiteElo "1806"]
[BlackElo "1637"]
[Annotator "de Firmian/Winslow"]
[PlyCount "92"]
[EventDate "2019.03.19"]
[EventType "swiss"]
[EventRounds "8"]
[EventCountry "USA"]

1. e4 e5 2. Nf3 Nc6 3. Nc3 Bc5 4. Bb5 d6 5. O-O Bg4 6. d3 Nge7 7. h3 Bh5 8. Nd5
a6 9. Bxc6+ Nxc6 10. c3 Qd7 11. Be3 Bxe3 12. fxe3 Ne7 13. Qb3 Nxd5 14. Qxb7 $4
Nb6 15. a4 O-O 16. a5 Rfb8 17. Qxb8+ Rxb8 18. axb6 Rxb6 19. b4 f6 20. g4 Bg6
21. Kg2 Qb5 22. Rfd1 c5 23. Ra5 Qc6 24. bxc5 dxc5 25. c4 Rb2+ 26. Kg3 h5 27.
Rda1 Rb6 28. Nh4 Bf7 29. Nf5 Qe6 30. Rxc5 Qd7 31. Ra3 Be6 32. Kf3 Bxf5 33. exf5
h4 34. Rd5 Rd6 35. e4 Rxd5 36. exd5 Qd6 37. Ra5 Qb6 38. Ra3 Qb1 39. d6 Qf1+ 40.
Ke4 Qh1+ 41. Ke3 Qc1+ 42. Ke4 Qxa3 43. Kd5 Qxd3+ 44. Ke6 Qxc4+ 45. Ke7 Qd3 46.
d7 a5 0-1

[Event "Mechanics' Spring TNM:1600-1999"]
[Site "San Francisco"]
[Date "2019.05.07"]
[Round "8.27"]
[White "Mercado, Adam"]
[Black "Tamondong, Cesar B"]
[Result "1-0"]
[WhiteElo "1714"]
[BlackElo "1600"]
[Annotator "de Firmian/Winslow"]
[PlyCount "109"]
[EventDate "2019.03.19"]
[EventType "swiss"]
[EventRounds "8"]
[EventCountry "USA"]

1. e4 c5 2. Nc3 Nc6 3. Nf3 e6 4. g3 g6 5. Bg2 Bg7 6. d3 Nge7 7. Be3 d6 8. Qd2
h6 9. h4 a6 10. a3 h5 11. Ng5 Ne5 12. Bh3 f6 13. f4 fxg5 14. fxe5 g4 15. Bg2
Bxe5 16. Bf4 (16. O-O $1 Bxg3 17. Bg5 Be5 18. Ne2 $1 Bxb2 19. Rab1 {amazingly
"=0.00"}) 16... Bd7 $2 (16... Bxf4 17. Qxf4 e5 $15 (17... Rf8 $15)) 17. Bxe5
dxe5 18. Qg5 (18. O-O $1 $16) 18... Qc7 (18... Rf8 $11) 19. Rf1 (19. O-O $1 $16
) 19... Bc6 20. Ke2 $2 O-O-O (20... c4) (20... Qd6) 21. Rf7 Rd7 22. Qf6 Rhd8
23. Qxe6 Kb8 24. Raf1 Nf5 25. exf5 Bxg2 26. Rxd7 Bxf1+ 27. Kxf1 Rxd7 28. fxg6
Qd6 29. Qxd6+ Rxd6 30. Ke2 Rxg6 31. Nd5 b5 32. Ke3 Re6 33. Ke4 Kb7 34. Kf5 Re8
35. Nf6 Re7 36. Kg5 c4 37. Kxh5 cxd3 38. cxd3 Kc6 39. Kxg4 Kc5 40. h5 Kd4 41.
h6 Kxd3 42. h7 Rxh7 43. Nxh7 e4 44. Ng5 e3 45. Nf3 e2 46. Kf4 Kc2 47. g4 Kxb2
48. g5 Kxa3 49. g6 b4 50. g7 b3 51. g8=Q b2 52. Qg3 (52. Qb8 Ka2 53. Nd2) 52...
Ka2 53. Nd2 e1=Q 54. Qxe1 Ka3 55. Qe3+ 1-0

[Event "Mechanics' Spring TNM: Under 1600"]
[Site "San Francisco"]
[Date "2019.05.07"]
[Round "8.28"]
[White "Carron, Joel"]
[Black "James, Charles"]
[Result "1-0"]
[WhiteElo "1515"]
[BlackElo "1419"]
[PlyCount "61"]
[EventDate "2019.??.??"]

1. e4 c5 2. d4 cxd4 3. c3 dxc3 4. Nxc3 e6 5. Nf3 Bb4 6. Bc4 Bxc3+ 7. bxc3 Ne7
8. O-O Qc7 9. Qe2 O-O 10. Ba3 Re8 11. Rfd1 Nbc6 12. Bd6 Qa5 13. Rac1 Ng6 14. e5
a6 15. Re1 b5 16. Bb3 Bb7 17. Ng5 Qd8 18. Qh5 h6 19. Ne4 Kh7 20. Nc5 Na5 21.
Nxb7 Nxb7 22. Ba3 d5 23. exd6 Nf4 24. Qxf7 Qg5 25. Qxb7 Nd3 26. Qe4+ Qf5 27.
Qxf5+ exf5 28. Rxe8 Rxe8 29. Rd1 Re2 30. d7 Nxf2 31. Kf1 1-0

[Event "Mechanics' Spring TNM: Under 1600"]
[Site "San Francisco"]
[Date "2019.05.07"]
[Round "8.29"]
[White "Khamkar, Susheel S"]
[Black "Chan, John"]
[Result "1-0"]
[WhiteElo "1033"]
[BlackElo "1591"]
[PlyCount "81"]
[EventDate "2019.??.??"]

1. d4 Nf6 2. Nf3 d5 3. Nc3 c6 4. Bf4 h6 5. e3 Bg4 6. Be2 Nbd7 7. h3 Bxf3 8.
Bxf3 e6 9. O-O g5 10. Bh2 Bg7 11. Re1 O-O 12. e4 dxe4 13. Nxe4 Nxe4 14. Bxe4
Qb6 15. c3 Rfe8 16. Rb1 Nf6 17. Bc2 Nd5 18. Qd3 f5 19. Bb3 Kh8 20. Qd1 Qd8 21.
Qh5 Kh7 22. Re2 Nf6 23. Qf3 Nd5 24. Rbe1 Qf6 25. Bc2 Kh8 26. Qh5 f4 27. Qg4 Nc7
28. h4 Nd5 29. Rxe6 Rxe6 30. Rxe6 Qf8 31. hxg5 Re8 32. gxh6 Bxh6 33. Qg6 Nf6
34. Rxe8 Qxe8 35. Qxf6+ Bg7 36. Qh4+ Kg8 37. Bxf4 Qd7 38. Bb3+ Kf8 39. Qg3 Ke8
40. Qg6+ Kd8 41. Be6 1-0

[Event "Mechanics' Spring TNM: Under 1600"]
[Site "San Francisco"]
[Date "2019.05.07"]
[Round "8.30"]
[White "Morgan, Jerry"]
[Black "Ansari, Jahaan"]
[Result "1-0"]
[WhiteElo "1491"]
[BlackElo "1397"]
[PlyCount "58"]
[EventDate "2019.??.??"]

1. f4 e6 2. Nf3 d5 3. e3 c5 4. b3 Nf6 5. Bb2 Be7 6. Ne5 a6 7. Bd3 Nbd7 8. g4
Nxe5 9. Bxe5 Bd6 10. Bb2 d4 11. g5 Nd5 12. Qf3 Bd7 13. Na3 Bc6 14. Be4 f5 15.
gxf6 gxf6 16. Qh5+ Kd7 17. Nc4 f5 18. Nxd6 Kxd6 19. Bf3 Nb4 20. O-O-O Nxa2+ 21.
Kb1 Nb4 22. exd4 cxd4 23. Bxd4 Qa5 24. Be5+ Kc5 25. Bb2 Bd5 26. Bxd5 exd5 27.
Qxf5 Rhe8 28. d4+ Kb6 29. Rd2 Re6 1-0

[Event "Mechanics' Spring TNM: Under 1600"]
[Site "San Francisco"]
[Date "2019.05.07"]
[Round "8.33"]
[White "Starr, Albert"]
[Black "Olson, David R"]
[Result "0-1"]
[WhiteElo "1543"]
[BlackElo "1400"]
[Annotator "de Firmian/Winslow"]
[PlyCount "62"]
[EventDate "2019.??.??"]

{Both player's opponents didn't play, so they played this extra game.} 1. b4 e5
2. Bb2 d6 3. e3 Nf6 4. d3 Be7 5. Nf3 O-O 6. Be2 Nbd7 7. O-O b6 8. Nbd2 Bb7 9.
c4 e4 10. dxe4 Nxe4 11. a4 a5 12. b5 Ndc5 13. Nb3 Qd7 14. Nxc5 bxc5 15. Qc2 f5
16. Rfd1 Bf6 17. Bxf6 Rxf6 18. g3 $2 {(allowing ...f4 wasn't that bad)} (18.
Nd2 $11) 18... Re8 19. Ne1 $6 (19. Rd3) 19... Ng5 (19... Rh6 20. Bf1 Ng5 21. f4
Nh3+) 20. Bf1 (20. Ra3 Rh6 21. f4 Nh3+ 22. Kf1 Nxf4 $1) 20... Rh6 (20... f4 $1
21. exf4 Rxf4 22. Rd3 Rf6 {White is actually in big trouble!}) 21. Ra3 (21. f4
Nh3+ $1 22. Bxh3 Rxh3) 21... Qf7 22. f4 {[#]} Ne4 $2 {It looks nice, Black
knight in a super outpost, backward e-pawn. But think about how that same
knight is in the way, from rooks attacking the pawn, from action on the long
diagonal.} (22... Nh3+ $1 {gets rid of White's bishop before it can neutralize
Black's.} 23. Bxh3 Rxh3 {It took the computer quite a while, but eventually it
convinced itself Black was winning. (I was willing to believe it right away!)})
23. Bg2 $11 Qh5 24. Bf3 Qg6 (24... Qh3 25. Qg2 Qxg2+ 26. Bxg2 Rhe6 $15) 25. Ng2
$2 {[#]} (25. Rb1 $11) (25. Rb3 $11) 25... Ba8 $2 (25... Rxh2 $1 26. Kxh2 Qxg3+
27. Kg1 Qxf3 $19 {If necessary, ...Re6-Rh6. It's a wipe-out.}) 26. Kh1 $4 (26.
Ne1 $1 $15) 26... Nxg3+ (26... Qxg3 $1) 27. Kg1 Bxf3 28. Rd2 Ne4 29. Rdd3 Qh5
30. Ne1 Rg6+ 31. Kf1 Qh3+ 0-1

[Event "Mechanics' Spring TNM: Under 1600"]
[Site "San Francisco"]
[Date "2019.05.07"]
[Round "8.37"]
[White "Cole, Tony"]
[Black "Bayaraa, Timothy"]
[Result "1-0"]
[WhiteElo "1487"]
[BlackElo "1175"]
[Annotator "de Firmian/Winslow"]
[PlyCount "69"]
[EventDate "2019.??.??"]

1. e4 e5 2. Nf3 Nc6 3. Nc3 Nf6 4. Bb5 a6 5. Ba4 b5 6. Bb3 Bc5 7. d3 Ng4 $6 (
7... O-O) (7... h6) (7... d6) 8. O-O d6 9. Bg5 $1 Nf6 $2 10. Qd2 $2 (10. Nd5 $1
$18) 10... Nd4 $2 (10... h6 11. Bxf6 Qxf6 $14) 11. Nxd4 Bxd4 12. Bd5 (12. Nd5
$1) (12. a4 $1) 12... Rb8 13. Rab1 (13. Bc6+ $16) 13... Be6 $2 (13... Bd7) 14.
Bc6+ Bd7 15. Bxd7+ Qxd7 (15... Kxd7 $5) 16. Bxf6 $1 gxf6 (16... Bxc3 $1) 17.
Nd5 Kf8 $4 18. Qh6+ Ke8 19. Nxf6+ Ke7 20. Nxd7 Kxd7 21. Kh1 Rbg8 22. Qf6 h5 23.
Qxf7+ Kc8 24. c3 Bb6 25. f4 Rf8 26. Qe6+ Kb7 27. fxe5 dxe5 28. Qxe5 Rd8 29. d4
Rhe8 30. Qg5 Rd7 31. Qxh5 Rxe4 32. Qf3 Rde7 33. Rbe1 c6 34. Rxe4 Rd7 35. Re6 {
(Mate in Eight!)} 1-0

[Event "Mechanics' Spring TNM: Under 1600"]
[Site "San Francisco"]
[Date "2019.05.07"]
[Round "8.39"]
[White "Sachs-Weintraub, Julian"]
[Black "Revi, Frank"]
[Result "1-0"]
[WhiteElo "1416"]
[BlackElo "1375"]
[Annotator "de Firmian/Winslow"]
[PlyCount "115"]
[EventDate "2019.??.??"]

1. e4 c5 2. Nf3 Nc6 3. Nc3 e6 4. Bc4 d6 5. O-O a6 6. a4 Nf6 7. d3 Be7 8. Be3
Qc7 9. h3 b6 10. d4 cxd4 11. Nxd4 Ne5 12. Bb3 Bb7 13. f3 Rd8 14. Nce2 O-O 15.
c3 Ng6 16. Qe1 d5 17. exd5 Bxd5 18. Bxd5 Nxd5 19. Qf2 Bh4 20. g3 Nxe3 21. Qxe3
Bxg3 22. f4 Bh4 23. Nf3 Be7 24. Ne5 Nh4 25. b4 Nf5 26. Qf3 Bf6 27. Ng4 Bh4 28.
Rfd1 {on one scoresheet; the other has "R(d)e1"} Rc8 29. Ne5 Rcd8 {Both say
"Rd8"} (29... Rfd8 $19 {is the better, since} 30. Qc6 $2 (30. Rxd8+ Rxd8 31.
Qc6 Qxc6 32. Nxc6 Rd2 33. Ncd4 Nxd4 34. Nxd4 Bf2+) 30... Rxd1+ 31. Rxd1 Qxc6
32. Nxc6 Rxc6 {notice that d8 is protected!}) 30. Qc6 $5 Qe7 $2 (30... Qa7) 31.
Qxb6 Rxd1+ 32. Rxd1 Qf6 33. Kh2 Qh6 34. Qxa6 Ne3 35. Rg1 Qh5 36. Ng4 Nxg4+ 37.
Rxg4 Bf6 38. Qb5 e5 39. a5 Qh6 40. a6 Be7 41. Qxe5 Bd6 42. Qg5 Qxg5 43. Rxg5 f5
44. Rg3 Ra8 45. b5 Kf7 46. Rd3 Ke7 47. Kg3 g5 48. Kf3 gxf4 49. Nxf4 Bc5 50. Rd5
Bb6 (50... Rc8 51. Rxc5) 51. Rxf5 Ba5 52. c4 Bd2 53. Nd5+ Kd6 54. Nb6 Re8 55.
a7 Re3+ 56. Kf2 Ra3 57. a8=Q Be3+ 58. Ke2 1-0

[Event "Mechanics' Spring TNM: Under 1600"]
[Site "San Francisco"]
[Date "2019.05.07"]
[Round "8.40"]
[White "Harris, Clarence"]
[Black "Bryan, Robert R"]
[Result "1-0"]
[WhiteElo "1400"]
[BlackElo "429"]
[Annotator "de Firmian/Winslow"]
[PlyCount "67"]
[EventDate "2019.??.??"]

{mutual opponents forfeited; extra game} 1. e4 e6 2. d3 d5 3. Nd2 Nf6 4. g3 Nc6
5. Bg2 Bd6 6. Ngf3 O-O 7. O-O Re8 8. Re1 e5 9. exd5 Ne7 (9... Nxd5 $1) 10. Nc4
Bc5 11. Ncxe5 Nfxd5 12. d4 Bb4 13. Bd2 Bxd2 14. Qxd2 Rf8 15. c4 Nb6 16. Rac1 c5
17. d5 Bf5 18. Nh4 Bg6 19. Bh3 Nxc4 $4 20. Nxc4 Qxd5 $4 21. Rxe7 Qxd2 22. Nxd2
Rad8 23. Bd7 Bd3 24. Rxc5 b6 25. Rc7 Bb5 26. Nf5 Bxd7 27. Rcxd7 Rxd7 28. Rxd7
h5 29. Ne4 Kh7 30. Ne7 f6 31. Nf5 Kg6 32. Ned6 h4 33. Rxg7+ Kh5 34. g4# 1-0

[Event "Mechanics' Spring TNM: Under 1600"]
[Site "San Francisco"]
[Date "2019.05.07"]
[Round "8.41"]
[White "Yamamoto, Craig"]
[Black "Dubensky, Walter B"]
[Result "1-0"]
[WhiteElo "1500"]
[BlackElo "1210"]
[Annotator "de Firmian/Winslow"]
[PlyCount "73"]
[EventDate "2019.??.??"]

1. e4 e5 2. Nf3 Nc6 3. Bc4 Nf6 4. Ng5 d5 5. exd5 Nxd5 6. Qf3 {Perhaps he just
forgot to throw in} (6. Nxf7 Kxf7 7. Qf3+) 6... Qxg5 7. Bxd5 Nd8 8. O-O f5 9.
d4 f4 10. dxe5 Bg4 11. Qxf4 Qxf4 12. Bxf4 c6 13. Bb3 Be7 14. Re1 Rf8 15. Be3
Rf5 16. f4 c5 17. h3 Bxh3 18. gxh3 Bh4 19. Rf1 Nc6 20. c3 b6 21. Bc2 Rh5 22.
Be4 Kd7 23. Na3 a6 24. Nc4 Kc7 25. Rad1 Rf8 26. Rd6 Nd8 27. Rxb6 Be7 28. Kg2 a5
29. Ra6 h6 30. Ra7+ Kb8 31. Rxe7 a4 32. Nd6 g5 33. f5 Rg8 34. Bf3 Rh4 35. f6 h5
36. Bxc5 g4 37. Ba7# 1-0

[Event "Mechanics' Spring TNM: Under 1600"]
[Site "San Francisco"]
[Date "2019.05.07"]
[Round "8.44"]
[White "Capdeville, Barry"]
[Black "Tabatabai, Ashkon"]
[Result "1-0"]
[WhiteElo "1219"]
[BlackElo "1138"]
[PlyCount "31"]
[EventDate "2019.??.??"]

1. e4 e5 2. Nf3 Nc6 3. Bb5 a6 4. Ba4 Nf6 5. d3 Bc5 6. c3 d5 7. Nxe5 O-O 8. Nxc6
bxc6 9. e5 Ng4 10. d4 Bb6 11. Bxc6 Rb8 12. Qf3 Qe7 13. Bxd5 Qh4 14. Bf4 Rd8 15.
Bg3 c6 16. Bxh4 1-0

[Event "Mechanics' Spring TNM: Under 1600"]
[Site "San Francisco"]
[Date "2019.05.07"]
[Round "8.45"]
[White "Soffer, Aaron"]
[Black "Robertson, Wade"]
[Result "0-1"]
[WhiteElo "1260"]
[BlackElo "982"]
[PlyCount "88"]
[EventDate "2019.??.??"]

1. e4 e6 2. d4 d5 3. Nd2 Nf6 4. Bd3 c5 5. e5 Nfd7 6. c3 Nc6 7. Ngf3 Qb6 8. Qa4
cxd4 9. Nxd4 Ndxe5 10. Bb1 Bd7 11. Qb5 Bc5 12. Qxb6 Bxb6 13. N2f3 Nxd4 14. Nxd4
Rc8 15. O-O O-O 16. Re1 Nc6 17. Nxc6 Rxc6 18. Bd3 a6 19. Bf4 f6 20. Bg3 e5 21.
Kh1 e4 22. Bc2 f5 23. Bh4 h6 24. Be7 Rf7 25. Ba3 Bxf2 26. Re2 Bc5 27. Bxc5 Rxc5
28. Bb3 Bb5 29. Rd2 Bc4 30. Bxc4 dxc4 31. Rd8+ Rf8 32. Rd7 Rf7 33. Rd8+ Kh7 34.
Re8 Rd5 35. Rb1 Rfd7 36. h3 Rd1+ 37. Rxd1 Rxd1+ 38. Kh2 Rd2 39. Re7 Rxb2 40.
Rf7 Rxa2 41. Rxf5 Rc2 42. Kg3 Rxc3+ 43. Kf4 e3 44. Ke5 b5 0-1